La sociedad anónima en Colombia / (Record no. 803)
[ view plain ]
| 000 -LEADER | |
|---|---|
| campo de control de longitud fija | 00818nam a22002777a 4500 |
| 001 - NÚMERO DE CONTROL | |
| campo de control | 003446 |
| 003 - IDENTIFICADOR DE NÚMERO DE CONTROL | |
| campo de control | CoMeUDC003446 |
| 005 - FECHA Y HORA DE LA ÚLTIMA TRANSACCIÓN | |
| campo de control | 20190115231251.0 |
| 008 - DATOS DE LONGITUD FIJA--INFORMACIÓN GENERAL | |
| campo de control de longitud fija | 890803s1980 ck r 00110 spa d |
| 015 ## - NÚMERO DE BIBLIOGRAFÍA NACIONAL | |
| Número de bibliografía nacional | ck-1980-xxxx |
| 035 ## - NÚMERO DE CONTROL DEL SISTEMA | |
| Número de control de sistema | ADR9566 LA |
| 040 ## - FUENTE DE CATALOGACIÓN | |
| Centro catalogador/agencia de origen | CO-BoBLA |
| Lengua de catalogación | spa |
| Centro/agencia transcriptor | CoMeUDC |
| 041 0# - CÓDIGO DE IDIOMA | |
| Código de lengua del texto/banda sonora o título independiente | spa |
| 043 ## - CÓDIGO DE ÁREA GEOGRÁFICA | |
| Código de área geográfica | s-ck--- |
| 082 04 - NÚMERO DE LA CLASIFICACIÓN DECIMAL DEWEY | |
| Número de clasificación | 346.07 |
| Número de ítem | B517 |
| 100 ## - ENTRADA PRINCIPAL--NOMBRE DE PERSONA | |
| Nombre de persona | Bernal Gutiérrez, Rafael. |
| 9 (RLIN) | 1097 |
| 245 13 - MENCIÓN DEL TÍTULO | |
| Título | La sociedad anónima en Colombia / |
| Mención de responsabilidad, etc. | Rafael Bernal Gutiérrez. |
| 260 ## - PUBLICACIÓN, DISTRIBUCIÓN, ETC. | |
| Lugar de publicación, distribución, etc. | [Bogotá] : |
| Nombre del editor, distribuidor, etc. | Legis Eds., |
| Fecha de publicación, distribución, etc. | [1980]. |
| 300 ## - DESCRIPCIÓN FÍSICA | |
| Extensión | 429 p. ; |
| Dimensiones | 23 cm. |
| 440 ## - MENCIÓN DE SERIE/PUNTO DE ACCESO ADICIONAL--TÍTULO | |
| Título | Ciencia jurídica. |
| 9 (RLIN) | 1098 |
| 504 ## - NOTA DE BIBLIOGRAFÍA, ETC. | |
| Nota de bibliografía, etc. Nota | Contiene bibliografías. |
| 650 #0 - PUNTO DE ACCESO ADICIONAL DE MATERIA--TÉRMINO DE MATERIA | |
| Término de materia o nombre geográfico como elemento de entrada | Sociedades anónimas |
| Subdivisión geográfica | Colombia. |
| 9 (RLIN) | 1099 |
| 650 #0 - PUNTO DE ACCESO ADICIONAL DE MATERIA--TÉRMINO DE MATERIA | |
| Término de materia o nombre geográfico como elemento de entrada | Sociedades anónimas |
| Subdivisión general | Legislación |
| Subdivisión geográfica | Colombia. |
| 9 (RLIN) | 1100 |
| 942 ## - ELEMENTOS DE ENTRADA SECUNDARIOS (KOHA) | |
| Fuente del sistema de clasificación o colocación | Clasificación Decimal Dewey |
| Tipo de ítem Koha | Libros |
| 949 ## - PROCESAMIENTO DE INFORMACIÓN LOCAL (OCLC) | |
| a | c |
| b | c |
| Estatus retirado | Estado de pérdida | Fuente del sistema de clasificación o colocación | Estado de daño | No para préstamo | Colección | Biblioteca de origen | Biblioteca actual | Fecha de adquisición | Fuente de adquisición | Signatura topográfica completa | Código de barras | Visto por última vez | Copia número | Precio de reemplazo | Tipo de ítem Koha |
|---|---|---|---|---|---|---|---|---|---|---|---|---|---|---|---|
| Clasificación Decimal Dewey | Colección general | U DE COLOMBIA - Biblioteca | U DE COLOMBIA - Biblioteca | 15/01/2019 | Compra | 346.07 B517 | 003446 | 15/01/2019 | 1 | 15/01/2019 | Libros |
